000 00620cam a2200145 4500500
005 20251228052419.0
041 _afre
042 _adc
100 1 0 _aLe Marcis, Frédéric
_eauthor
245 0 0 _aFARMER, Paul. — Pathologies of Power. Health, Human Rights, and the New War on the Poor. Berkeley-Los Angeles-London, University of California Press, 2003, 402 p.
260 _c2005.
500 _a49
786 0 _nCahiers d'études africaines | 178 | 2 | 2005-06-01 | p. 585d-620d | 0008-0055
856 4 1 _uhttps://shs.cairn.info/revue-cahiers-d-etudes-africaines-2005-2-page-585d?lang=fr&redirect-ssocas=7080
999 _c1583500
_d1583500